UBT Library

Mosby's medical, nursing, and allied health dictionary. (Record no. 41504)

000 -LEADER
fixed length control field 00655cam a2200229 a 4500
001 - CONTROL NUMBER
control field 1533946
005 - DATE AND TIME OF LATEST TRANSACTION
control field 20180201051145.0
008 - FIXED-LENGTH DATA ELEMENTS--GENERAL INFORMATION
fixed length control field 900808s1990 moua d 000 0 eng
010 ## - LIBRARY OF CONGRESS CONTROL NUMBER
LC control number 90183154
020 ## - INTERNATIONAL STANDARD BOOK NUMBER
International Standard Book Number 0801632277
040 ## - CATALOGING SOURCE
Original cataloging agency DLC
Transcribing agency DLC
Modifying agency OCoLC
041 ## - LANGUAGE CODE
Language code of text/sound track or separate title eng
080 ## - UNIVERSAL DECIMAL CLASSIFICATION NUMBER
Universal Decimal Classification number 610.3 WAL
082 00 - DEWEY DECIMAL CLASSIFICATION NUMBER
Classification number 610.3 WAL
Edition number 20
100 ## - Rafti
Rafti 1
101 ## - Shkurtesa
Shkurtesa NUR
245 00 - TITLE STATEMENT
Title Mosby's medical, nursing, and allied health dictionary.
740 0# - ADDED ENTRY--UNCONTROLLED RELATED/ANALYTICAL TITLE
Uncontrolled related/analytical title Mosby's medical, nursing & allied health dictionary.
906 ## - LOCAL DATA ELEMENT F, LDF (RLIN)
a 7
b cbc
c orignew
d 2
e ncip
f 19
g y-gencatlg
942 ## - ADDED ENTRY ELEMENTS (KOHA)
Source of classification or shelving scheme
Item type Books
Holdings
Withdrawn status Lost status Source of classification or shelving scheme Damaged status Not for loan Collection code Permanent location Current location Shelving location Date acquired Total Checkouts Full call number Barcode Date last seen Price effective from Koha item type
          Koleksioni i përgjithshem UBT - Lipjan UBT - Lipjan Koleksioni i përgjithshem 02/01/2018   610.3 WAL 002-2997792 02/01/2018 02/01/2018 Books
UBT Library © 2015-2024. All rights reserved University Education for Business and Technology